Statistiques concernant Liste des communes de plus de 500 habitants de l'Aisne

Cliquez ici pour prendre le quiz!

Statistiques générales

  • Ce quiz a été pris 8 fois
    (7 depuis la dernière actualisation)
  • Le résultat moyen est 15 sur 219

Statistiques - réponses

Réponse% Correct
Laon
86%
Saint-Quentin
86%
Soissons
86%
Château-Thierry
71%
Chauny
71%
La Fère
71%
Tergnier
57%
Guise
43%
Hirson
43%
Vervins
43%
Vic-sur-Aisne
43%
Villers-Cotterêts
43%
Billy-sur-Aisne
29%
Chassemy
29%
La Ferté-Milon
29%
PERNANT !!!!!!!!!!!!!!!!!!!!!!
29%
SEPTMONTS !!!!!!!!!!!!!!!!!!!!
29%
Sissonne
29%
Achery
14%
Acy
14%
Aulnois-sous-Laon
14%
Autreville
14%
Beaurieux
14%
Beautor
14%
Belleu
14%
Bézu-Saint-Germain
14%
Bohain-en-Vermandois
14%
Bourg-et-Comin
14%
Braine
14%
Bucy-le-Long
14%
Chivres-Val
14%
Ciry-Salsogne
14%
Coucy-le-Château-Auffrique
14%
Crépy
14%
Crouy
14%
Cugny
14%
Épaux-Bézu
14%
Essigny-le-Grand
14%
Étampes-sur-Marne
14%
Fayet
14%
Fère-en-Tardenois
14%
Gauchy
14%
Holnon
14%
Marle
14%
Mercin-et-Vaux
14%
Mont-Notre-Dame
14%
Origny-Sainte-Benoite
14%
Oulchy-le-Château
14%
Pommiers
14%
Sinceny
14%
Travecy
14%
Vailly-sur-Aisne
14%
Vauxbuin
14%
Vendeuil
14%
Venizel
14%
Villeneuve-Saint-Germain
14%
Viry-Noureuil
14%
Abbécourt
0%
Alaincourt
0%
Ambleny
0%
Amigny-Rouy
0%
Anizy-le-Grand
0%
Athies-sous-Laon
0%
Barenton-Bugny
0%
Barisis-aux-Bois
0%
Bazoches-et-Saint-Thibaut
0%
Beaurevoir
0%
Bellicourt
0%
Bernoy-le-Château
0%
Berny-Rivière
0%
Berry-au-Bac
0%
Bertaucourt-Epourdon
0%
Beuvardes
0%
Bichancourt
0%
Blérancourt
0%
Boué
0%
Brancourt-en-Laonnois
0%
Brancourt-le-Grand
0%
Brasles
0%
Brissy-Hamégicourt
0%
Bruyères-et-Montbérault
0%
Buire
0%
Buironfosse
0%
Caumont
0%
Cessières-Suzy
0%
Chambry
0%
Chaourse
0%
Charly-sur-Marne
0%
Chavignon
0%
Chéry-lès-Pouilly
0%
Chézy-sur-Marne
0%
Chierry
0%
Chivy-lès-Étouvelles
0%
Clairfontaine
0%
Clastres
0%
Coincy
0%
Condé-en-Brie
0%
Condren
0%
Corbeny
0%
Coucy-lès-Eppes
0%
Courmelles
0%
Couvron-et-Aumencourt
0%
Crécy-sur-Serre
0%
Crézancy
0%
Crouttes-sur-Marne
0%
Cuffies
0%
Danizy
0%
Dhuys et Morin-en-Brie
0%
Dizy-le-Gros
0%
Domptin
0%
Esquéhéries
0%
Essômes-sur-Marne
0%
Étaves-et-Bocquiaux
0%
Étreillers
0%
Étrénaupont
0%
Étreux
0%
Évergnicourt
0%
Fesmy-le-Sart
0%
Festieux
0%
Flavy-le-Martel
0%
Folembray
0%
Fonsomme
0%
Fontaine-Iès-Vervins
0%
Fossoy
0%
Francilly-Selency
0%
Fresnoy-le-Grand
0%
Frières-Faillouël
0%
Gandelu
0%
Gizy
0%
Gouy
0%
Gricourt
0%
Grugies
0%
Haramont
0%
Hargicourt
0%
Harly
0%
Homblières
0%
Itancourt
0%
Jaulgonne
0%
Jussy
0%
Juvincourt-et-Damary
0%
La Capelle
0%
La Ferté-Chevresis
0%
La Flamengrie
0%
Landouzy-la-Ville
0%
Lehaucourt
0%
Le Nouvion-en-Thiérache
0%
Lesdins
0%
Lesquielles-Saint-Germain
0%
Les Septvallons
0%
Levergies
0%
Liesse-Notre-Dame
0%
Marigny-en-Orxois
0%
Mennevret
0%
Mézières-sur-Oise
0%
Mézy-Moulins
0%
Missy-sur-Aisne
0%
Mondrepuis
0%
Mons-en-Laonnois
0%
Montaigu
0%
Montbrehain
0%
Montcornet
0%
Mont-d'Origny
0%
Montescourt-Lizerolles
0%
Montigny-Lengrain
0%
Montreuil-aux-Lions
0%
Mont-Saint-Père
0%
Morcourt
0%
Moÿ-de-l'Aisne
0%
Nauroy
0%
Nesles-la-Montagne
0%
Neuilly-Saint-Front
0%
Neuve-Maison
0%
Neuville-Saint-Amand
0%
Nogentel
0%
Nogent-l'Artaud
0%
Nouvion-et-Catillon
0%
Ognes
0%
Omissy
0%
Orainville
0%
Origny-en-Thiérache
0%
Pasly
0%
Pavant
0%
Pinon
0%
Pontavert
0%
Pouilly-sur-Serre
0%
Prémont
0%
Prémontré
0%
Ressons-le-Long
0%
Ribemont
0%
Rouvroy
0%
Rozoy-sur-Serre
0%
Sains-Richaumont
0%
Saint-Erme-Outre-et-Ramecourt
0%
Saint-Gobain
0%
Saint-Simon
0%
Saulchery
0%
Savy
0%
Seboncourt
0%
Seraucourt-le-Grand
0%
Séry-lès-Mézières
0%
Tavaux-et-Pontséricourt
0%
Thenelles
0%
Trélou-sur-Marne
0%
Trosly-Loire
0%
Urcel
0%
Urvillers
0%
Vadencourt
0%
Vallées en Champagne
0%
Vauxaillon
0%
Vaux-Andigny
0%
Vendhuile
0%
Vermand
0%
Viels-Maisons
0%
Villeneuve-sur-Aisne
0%
Villequier-Aumont
0%
Villers-sur-Fère
0%
Villiers-Saint-Denis
0%
Vivaise
0%
Wassigny
0%

Distribution des résultats

Percentile par nombre de réponses

% des personnes avec chaque résultat

Votre développement - résultats

Vous n’avez pas pris ce quiz depuis la dernière actualisation